| 000 | 005000000a22001810004500 | ||
|---|---|---|---|
| 003 | MACL | ||
| 005 | 20160124121324.0 | ||
| 008 | 160124b xxu||||| |||| 00| 0 eng d | ||
| 040 |
_aMACL _cMACL |
||
| 041 | _aEnglish | ||
| 082 | _a658.830/VYA | ||
| 100 |
_aVyas, Dr Parimal H _934428 |
||
| 245 |
_aMarketing of Consumer Financing in India _bProblems and Prospects |
||
| 260 |
_bBook Enclave _c2002 _aNew Delhi |
||
| 350 | _a600 | ||
| 650 |
_aGeneral Managment _921540 |
||
| 942 |
_cBK _k658.830/VYA _2ddc |
||
| 999 |
_c33288 _d33288 |
||